Normal view
MARC view
Entry Personal Name
001 - CONTROL NUMBER
- control field: 59911
003 - CONTROL NUMBER IDENTIFIER
- control field: OSt
005 - DATE AND TIME OF LATEST TRANSACTION
- control field: 20160526162321.0
008 - FIXED-LENGTH DATA ELEMENTS
- fixed length control field: 160526|| aca||aabn | a|a d
040 ## - CATALOGING SOURCE
- Original cataloging agency: OSt
- Transcribing agency: OSt
100 ## - HEADING--PERSONAL NAME
- Personal name: कर्ण, सहजानन्द
670 ## - SOURCE DATA FOUND
- Source citation: Work cat.: (OSt)19698: कर्ण, सहजानन्द , कथाकलंत , 1994









